000 00451nam a2200181Ia 4500
001 7288
005 20260306160444.0
008 260306t2014||||xx |||||||||||||| ||spa||
041 _aESP
082 _a338.5
_bF83
100 _aFreire Rubio, María Teresa
_eAUT
245 0 _aPrácticas y conceptos básicos de microeconomía
260 _c2014
300 _a159 páginas :
_c24 cm.
650 _aGEN
654 _aCAN
942 _cLIB
_dJUS
_fJUS
_2ddc
_n
999 _c7288
_d7288